MON ONCLE D'AMERIQUE - MIO ZIO D'AMERICA (Record n. 105253)
[ formato base ]
| 000 -LEADER | |
|---|---|
| fixed length control field | 02859agaaa2200337 4500 |
| 001 - CONTROL NUMBER | |
| control field | 1588 |
| 003 - CONTROL NUMBER IDENTIFIER | |
| control field | IT-RoPAU |
| 005 - DATE AND TIME OF LATEST TRANSACTION | |
| control field | 20220918181230.0 |
| 007 - PHYSICAL DESCRIPTION FIXED FIELD--GENERAL INFORMATION | |
| fixed length control field | d cvaizq |
| 008 - FIXED-LENGTH DATA ELEMENTS--GENERAL INFORMATION | |
| fixed length control field | 50131s9999||||xx ||| | || ||und|| |
| 040 ## - CATALOGING SOURCE | |
| Original cataloging agency | IT-RoPAU |
| Transcribing agency | IT-RoPAU |
| 041 ## - LANGUAGE CODE | |
| Language code of text/sound track or separate title | ITALIANO |
| 100 ## - MAIN ENTRY--PERSONAL NAME | |
| Personal name | Resnais Alain |
| Miscellaneous information | Codice regista SPICS: 2111 |
| 9 (RLIN) | 40357 |
| 130 ## - MAIN ENTRY--UNIFORM TITLE | |
| Uniform title | MON ONCLE D'AMERIQUE - MIO ZIO D'AMERICA |
| 9 (RLIN) | 40358 |
| 240 ## - UNIFORM TITLE | |
| Uniform title | MON ONCLE D'AMERIQUE |
| Miscellaneous information | T1719 |
| 245 ## - TITLE STATEMENT | |
| Title | MON ONCLE D'AMERIQUE - MIO ZIO D'AMERICA |
| Statement of responsibility, etc. | Prodotto da: Dussart Philippe -- Sceneggiatura: Gruault Jean -- Diretto da: Resnais Alain |
| Name of part/section of a work | MON ONCLE D'AMERIQUE - MIO ZIO D'AMERICA (Rif. Codice opera principale : 21588) |
| 246 ## - VARYING FORM OF TITLE | |
| Title proper/short title | MON ONCLE D'AMERIQUE |
| 250 ## - EDITION STATEMENT | |
| Edition statement | Edizione Standard |
| 260 ## - PUBLICATION, DISTRIBUTION, ETC. (IMPRINT) | |
| Place of publication, distribution, etc. | (FRANCIA) |
| Name of publisher, distributor, etc. | ANDREA FILM - T.F.1 / |
| Date of manufacture | "1980 (1° ed.: 1985 ; Ed. Lingua Orig.: 1980)" |
| 300 ## - PHYSICAL DESCRIPTION | |
| Extent | VHS |
| Other physical details | sonoro, col. |
| Dimensions | 125 minuti |
| 508 ## - CREATION/PRODUCTION CREDITS NOTE | |
| Creation/production credits note | "Fotografia: Vierny Sacha; Montaggio: Jurgenson Albert; Musica: Dzierlatka Arie; Sceneggiatura: Gruault Jean; " |
| 511 ## - PARTICIPANT OR PERFORMER NOTE | |
| Participant or performer note | "Depardieu Gerard; Garcia Nicole; Pierre Roger; Dubois Marie; Borgeaud Nelly; Arditi " |
| 520 ## - SUMMARY, ETC. | |
| Summary, etc. | NEL FILM S'INTRECCIANO LE VICENDE DI TRE PROTAGONISTI JEAN LE GALL CHE PROVIENE DA UNA FAMIGLIA BORGHESE E' SPOSATO HA DUE FIGLI E' DIRIGENTE ALLA TELEVISIONE FRANCESE DI STATO HA AMBIZIONI SAGGISTICHE VIENE ESTROMESSO DALL'UFFICIO CONVIVE PER QUALCHE TEMPO CON JANINE JANINE GARNIER VIENE DA UNA FAMIGLIA OPERAIA E' COMUNISTA FUGGE DI CASA PER FARE L'ATTRICE POI PASSA A FARE LA STILISTA IN UNA FABBRICA TESSILE CHE LA METTE IN CONTATTO CON RENE' CATTOLICO PRATICANTE COME LA FAMIGLIA DI CONTADINI DA CUI PROVIENE PER QUANTO SI AGITINO E SI SFORZINO DI CAPIRE I TRE NON RIESCONO A DARSI CONTO DEI PROPRI COMPORTAMENTI SONO INFATTI DEI PERSONAGGI CAVIE A SPIEGARCELO INTERVIENE FREQUENTEMENTE IN VOCE FUORI CAMPO O IN IMMAGINE LO STESSO HENRI LABORIT ALLE CUI IDEE SI E' RIFATTO RESNAIS PER IL SUO FILM LABORIT MEDICO CHIRURGO E RICERCATORE BIOLOGICO SPIEGA I COMPORTAMENTI UMANI COSI': NON DIVERSAMENTE DAGLI ANIMALI L'UOMO E' DETERMINATO DALLA STRUTTURA BIOLOGICA E AMBIENTALE E DAGLI APPRENDIMENTI DEI PRIMI TRE ANNI UNICHE REAZIONI VITALI: LA LOTTA E LA FUGA NELL'IMPOSSIBILITA' SI RICORRE ALL'INIBIZIONE CHE CREA BLOCCO-ANGOSCIA DA CUI DERIVANO ULCERA CANCRO FOLLIA MORTE TUTTO CIO' E' RESO FILMICAMENTE OLTRE CHE DALLE SITUAZIONI DAL CONTINUO RIFERIMENTO AI COMPORTAMENTI DEI TOPI E DA FREQUENTI INSERTI DEI FILM PIU' FAMILIARI AI PROTAGONISTI |
| 538 ## - SYSTEM DETAILS NOTE | |
| System details note | PAL, STEREO |
| 546 ## - LANGUAGE NOTE | |
| Language note | ITALIANO |
| 650 ## - SUBJECT ADDED ENTRY--TOPICAL TERM | |
| Topical term or geographic name as entry element | DOCUMENTARIO |
| Relator term | FILMS [VHS] |
| General subdivision | Codice MATERIA SPICS: 9960 |
| 9 (RLIN) | 34095 |
| 700 ## - ADDED ENTRY--PERSONAL NAME | |
| Personal name | Dzierlatka Arie |
| Relator term | (musica) |
| Miscellaneous information | Codice Musica SPICS: 29791 |
| 9 (RLIN) | 40359 |
| 700 ## - ADDED ENTRY--PERSONAL NAME | |
| Personal name | Laborit Henri |
| Relator term | (soggetto) |
| Miscellaneous information | Codice Soggetto SPICS: 3436 |
| 9 (RLIN) | 40360 |
| 700 ## - ADDED ENTRY--PERSONAL NAME | |
| Personal name | Resnais Alain |
| Relator term | (regista) |
| Miscellaneous information | Codice regista SPICS: 2111 |
| 9 (RLIN) | 40361 |
| 942 ## - ADDED ENTRY ELEMENTS (KOHA) | |
| Koha item type | VHS - VIDEO |
| Source of classification or shelving scheme | Dewey Decimal Classification |
| Withdrawn status | Lost status | Damaged status | Not for loan | Home library | Current library | Date acquired | Total Checkouts | Full call number | Date last seen | Price effective from | Koha item type | Public note |
|---|---|---|---|---|---|---|---|---|---|---|---|---|
| Buone Condizioni | Not For Loan | SPICS-MEDIATECA | SPICS-MEDIATECA | 31/01/2015 | 21588 | 31/01/2015 | 31/01/2015 | VHS - VIDEO | Progr. Ins.: 1384 / N.Vol.:1 / Copie: 2 / Pag.: / Copia rara: n.d. / date import: 1.2.2015 / By Epidotti, Trombetti, Vaglietti |